000 00928nam a2200301 i 4500
003 EG-GICUC
005 20260121101526.0
008 251220s1978 fr ||||fr|||| 000 0 fre d
040 _aEG-GiCUC
_bfre
_cEG-GiCUC
_dEG-GiCUC
_eRda
041 _afre
082 0 4 _221
_a341.83044
_bLA . E
092 0 4 _221
099 _aLaw1 12 341.83044 LA . E 1928
100 1 _aLachaze, Marcel
_eAuteur
245 1 4 _aLes Étrangers Dans Le Droit Public Français /
_cMarcel Lachaze.
264 1 _aParis :
_bDalloz,
_c1928.
300 _a260 pages ;
_c24 cm .
336 _2rda contenu
_a texte
337 _2rda medias
_aOrdinateur
338 _2 transporteur rda
_a Ressource en ligne
504 _aBibliography: pages 254-256.
546 _aTexte en français
650 1 4 _aÉtrangers
_zFrance
651 1 _2qrmak
856 4 0 _uhttps://fll.law.cu.edu.eg/fulltext/bks/B12-01666.pdf
905 _a75
_eYara
942 _2ddc
_n0
_cBK
_e21
999 _c51796
_d51796